Statistiques concernant 12 mois en 15 secondes : février

Cliquez ici pour prendre le quiz!

Statistiques générales

  • Ce quiz a été pris 141 fois
  • Le résultat moyen est 6 sur 15

Statistiques - réponses

Février% Correct
Février
100%
Février
92%
Février
86%
Février
78%
Février
63%
Février
55%
Février
42%
Février
27%
Février
21%
Février
15%
Février
14%
Février
12%
Février
11%
Février
11%
Février
11%

Distribution des résultats

Percentile par nombre de réponses

% des personnes avec chaque résultat

Votre développement - résultats

Vous n’avez pas pris ce quiz